Online
Catalog

La existencia de un derecho internacional americano. / (Record no. 54909)

MARC details
000 -CABECERA
campo de control de longitud fija 01629nam a2200313 i 4500
003 - IDENTIFICADOR DEL NÚMERO DE CONTROL
campo de control DO-SdBNP
005 - FECHA Y HORA DE LA ÚLTIMA TRANSACCIÓN
campo de control 20230925095830.0
006 - CÓDIGOS DE INFORMACIÓN DE LONGITUD FIJA--CARACTERÍSTICAS DEL MATERIAL ADICIONAL
campo de control de longitud fija a||||gr|||| 00| 0
007 - CAMPO FIJO DE DESCRIPCIÓN FÍSICA--INFORMACIÓN GENERAL
campo de control de longitud fija ta
008 - DATOS DE LONGITUD FIJA--INFORMACIÓN GENERAL
campo de control de longitud fija 230922e19411942|||||||| |||| 00| 0 spa d
040 ## - FUENTE DE LA CATALOGACIÓN
Centro catalogador/agencia de origen DO-SdBNP
Lengua de catalogación spa
Centro/agencia transcriptor BNPHU
Normas de descripción rda
082 #4 - NÚMERO DE LA CLASIFICACIÓN DECIMAL DEWEY
Número de edición 22
Número de documento/Ítem H519e
100 1# - ENTRADA PRINCIPAL--NOMBRE DE PERSONA
Nombre de persona Henríquez Vergez, Homero
9 (RLIN) 25209
Término indicativo de función/relación autor
245 13 - MENCIÓN DE TÍTULO
Título La existencia de un derecho internacional americano. /
Mención de responsabilidad, etc. Homero Henríquez Vergez
246 13 - FORMA VARIANTE DE TÍTULO
Título propio/Titulo breve Tesis de Derecho.
264 #1 - PRODUCCIÓN, PUBLICACIÓN, DISTRIBUCIÓN, FABRICACIÓN Y COPYRIGHT
Producción, publicación, distribución, fabricación y copyright Ciudad Trujillo, República Dominicana :
Nombre del de productor, editor, distribuidor, fabricante "Cosmopolita",
Fecha de producción, publicación, distribución, fabricación o copyright [1942]
300 ## - DESCRIPCIÓN FÍSICA
Extensión 66 páginas ;
Dimensiones 23 cm.
336 ## - TIPO DE CONTENIDO
Fuente rdacontent
Término de tipo de contenido texto
Código de tipo de contenido txt
337 ## - TIPO DE MEDIO
Fuente rdamedia
Nombre/término del tipo de medio sin mediación
Código del tipo de medio n
338 ## - TIPO DE SOPORTE
Fuente rdacarrier
Nombre/término del tipo de soporte volumen
Código del tipo de soporte nc
490 ## - MENCIÓN DE SERIE
Mención de serie Año académico 1941 - 1942 :
Designación de volumen o secuencia 7
500 ## - NOTA GENERAL
Nota general Incluye bibliografía y notas al pie de páginas.
500 ## - NOTA GENERAL
Nota general Tesis para el Doctorado. Universidad Autónoma de Santo Domingo. Facultad de Derecho.
500 ## - NOTA GENERAL
Nota general "La Universidad no se hace solidaria de las opiniones emitidas por el sustentante". (Ordenanza No. 21-40 de fecha 30 de septiembre de 1940).
504 ## - NOTA DE BIBLIOGRAFÍA, ETC.
Nota de bibliografía, etc. Bibliografía: página 66.
505 ## - NOTA DE CONTENIDO CON FORMATO
Nota de contenido con formato Capítulo I.
Título La existencia e y Derecho Internacional Americano.
Información miscelánea Capítulo II.
Título El Padre Victoria y la génesis del Derecho Internacional de América.--
Información miscelánea Capítulo III.
Título Nacimiento y Desarrollo del Derecho Internacional Americano.--
Información miscelánea Capítulo IV.
Título Los progresos del Derecho Internacional Americano desde 1889.--
Información miscelánea Capítulo V.
Título El Presidente Trujillo ante el Derecho Internacional de América.--
-- Conclusiones.-- Bibliografía.
590 ## - NOTA LOCAL (RLIN)
Nota local Inventariado 2023 / MF
942 ## - ELEMENTOS DE PUNTO DE ACCESO ADICIONAL (KOHA)
Fuente del sistema de clasificación o colocación Dewey Decimal Classification
Tipo de ítem Koha Libro
Holdings
Estado de retiro Estado de pérdida Fuente del sistema de clasificación o colocación Restricciones de uso No para préstamo Código de colección Localización permanente Ubicación/localización actual Ubicación en estantería Fecha de adquisición Fuente de adquisición Total de préstamos Signatura topográfica completa Código de barras Fecha visto por última vez Precio válido a partir de Tipo de ítem Koha Nota pública
    Dewey Decimal Classification Excluido de préstamo   Patrimonio Dominicano Biblioteca Nacional Pedro Henríquez Ureña Biblioteca Nacional Pedro Henríquez Ureña En catalogación 22.12.2014 Donado por Barbara Suncar   H519e 2023-6352 22.09.2023 22.09.2023 Libro Ejemplar autografiado por el autor

Powered by Koha